Statistics for Tolkien - Silmarillion - The 7 sons of Feanor

Click here to take the quiz!

General Stats

  • This quiz has been taken 321 times
  • The average score is 6 of 7

Answer Stats

HintAnswer% Correct
Maedhros
94%
Curufin
91%
Maglor
85%
Caranthir
77%
Celegorm
74%
Amras
72%
Amrod
72%

Score Distribution

Percentile by Number Answered

Percent of People with Each Score

Your Score History

You have not taken this quiz